[Event "NOR-chB"]
[Site "Oslo"]
[Date "2023.07.08"]
[Round "9"]
[White "Furnes, Torstein"]
[Black "Fuglesang, Michael W"]
[Result "1-0"]
[WhiteElo "1723"]
[BlackElo "1689"]
[PlyCount "68"]
[EventDate "2023.06.30"]
[EventType "swiss"]
[EventRounds "9"]
[EventCountry "NOR"]
[SourceTitle "EXT 2024"]
[Source "ChessBase"]
[SourceDate "2023.10.10"]
[SourceVersion "1"]
[SourceVersionDate "2023.10.10"]
[SourceQuality "1"]

1. d4 d5 2. c4 e6 3. Nc3 Nf6 4. Bg5 Be7 5. e3 0-0 6. Nf3 b6 7. cxd5 exd5 8. Bd3 Be6 9. 0-0 Nbd7 10. Rc1 c5 11. Re1 c4 12. Bb1 Bg4 13. b3 Ba3 14. Rc2 h6 15. Bf4 cxb3 16. axb3 Bf5 17. Ra2 Bxb1 18. Qxb1 Bb4 19. Rc1 g5 20. Bg3 Bxc3 21. Rxc3 Ne4 22. Rc6 f5 23. Rxh6 Nc3 24. Qc2 Nxa2 25. Qxa2 Rf6 26. Rh5 g4 27. Ne5 Nxe5 28. Bxe5 Qe8 29. Rg5+ Rg6 30. Rxf5 Rc8 31. g3 Rc1+ 32. Kg2 Rh6 33. Qxa7 Rh7 34. Rg5+ Kf8 1-0

[Event "London Classic op"]
[Site "London"]
[Date "2017.12.09"]
[Round "9"]
[White "Fuglesang, Michael W"]
[Black "Frank, Tena"]
[Result "0-1"]
[WhiteElo "1739"]
[BlackElo "1944"]
[PlyCount "106"]
[EventDate "2017.12.02"]
[EventType "swiss"]
[EventRounds "9"]
[EventCountry "ENG"]
[SourceTitle "CBM 182 Extra"]
[Source "ChessBase"]
[SourceDate "2018.02.23"]
[SourceVersion "1"]
[SourceVersionDate "2018.02.23"]
[SourceQuality "1"]

1. c4 c5 2. g3 Nf6 3. Bg2 e6 4. Nc3 Be7 5. e4 d6 6. Nge2 0-0 7. 0-0 Nbd7 8. d3 Rb8 9. Nf4 a6 10. a4 Ne8 11. Re1 Nc7 12. a5 Bf6 13. Ra3 Ne5 14. Na4 Na8 15. Be3 Nc6 16. Qd2 Re8 17. b3 Qxa5 18. Qxa5 Nxa5 19. Nh5 Nc6 20. Nxf6+ gxf6 21. Rb1 e5 22. Nc3 Nc7 23. Na2 b5 24. Bf3 Kg7 25. Bd1 Be6 26. cxb5 axb5 27. Nc1 f5 28. f3 fxe4 29. fxe4 f5 30. Rba1 Rf8 31. exf5 Bxf5 32. g4 Be6 33. Kg2 Bd5+ 34. Kg3 Rf7 35. R3a2 Rbf8 36. Bf2 Ne6 37. h4 Nb4 38. Rd2 Nf4 39. Bg1 Ne6 40. Bf2 Bc6 41. Ra5 Rf3+ 42. Bxf3 Rxf3+ 43. Kh2 Nf4 44. Bg3 Rf1 45. Bxf4 exf4 46. Ra7+ Kg6 47. h5+ Kg5 48. Rg7+ Kh4 49. Rg2 Rxc1 50. h6 Bxg2 51. Kxg2 Rc2+ 52. Kf3 Nxd3 53. g5 d5 0-1

[Event "London Classic op"]
[Site "London"]
[Date "2017.12.05"]
[Round "5"]
[White "Fuglesang, Michael W"]
[Black "Balaji, Aaravamudhan"]
[Result "0-1"]
[WhiteElo "1739"]
[BlackElo "1884"]
[PlyCount "64"]
[EventDate "2017.12.02"]
[EventType "swiss"]
[EventRounds "9"]
[EventCountry "ENG"]
[SourceTitle "CBM 182 Extra"]
[Source "ChessBase"]
[SourceDate "2018.02.23"]
[SourceVersion "1"]
[SourceVersionDate "2018.02.23"]
[SourceQuality "1"]

1. d4 Nf6 2. c4 g6 3. Nc3 Bg7 4. e4 d6 5. h3 0-0 6. Be3 Nbd7 7. Nf3 c6 8. b4 e5 9. d5 Qc7 10. Rc1 c5 11. a3 a6 12. g4 h5 13. Nd2 hxg4 14. hxg4 Nh7 15. Qf3 g5 16. bxc5 dxc5 17. Qh3 Ndf6 18. d6 Qxd6 19. Nd5 Bxg4 20. Qh2 Bh5 21. Nxf6+ Nxf6 22. Bxg5 Bg6 23. f3 Nh5 24. Bh3 Nf4 25. Bf5 Nd3+ 26. Kd1 Nxc1 27. Qh7+ Bxh7 28. Bxh7+ Kh8 29. Bg6+ Bh6 30. Bf5 Kg7 31. Bxh6+ Qxh6 32. Rxh6 Kxh6 0-1

[Event "Oslo op"]
[Site "Fornebu"]
[Date "2016.09.30"]
[Round "8"]
[White "Shehzad, Alisha"]
[Black "Fuglesang, Michael W"]
[Result "1/2-1/2"]
[WhiteElo "1530"]
[BlackElo "1780"]
[PlyCount "54"]
[EventDate "2016.09.30"]
[EventType "swiss"]
[EventRounds "9"]
[EventCountry "NOR"]
[SourceTitle "EXT 2018"]
[Source "ChessBase"]
[SourceDate "2017.10.13"]
[SourceVersion "1"]
[SourceVersionDate "2017.10.13"]
[SourceQuality "1"]

1. e4 c5 2. Nc3 Nc6 3. Bb5 Nd4 4. Bc4 g6 5. Nf3 Bg7 6. Nxd4 Bxd4 7. Qf3 e6 8. Nb5 Be5 9. d4 cxd4 10. Bf4 d6 11. Bxe5 dxe5 12. Qa3 Ne7 13. Nd6+ Kf8 14. 0-0-0 Kg7 15. Rd3 Nc6 16. Rf3 Rf8 17. h4 h6 18. Kb1 Rb8 19. Bb5 Qa5 20. Qxa5 Nxa5 21. b4 Nc6 22. a3 Bd7 23. g4 a6 24. Bd3 Na7 25. Nc4 Nc6 26. Nb6 Rfd8 27. g5 h5 1/2-1/2

[Event "Stjernen CC-ch B"]
[Site "Oslo"]
[Date "2016.??.??"]
[Round "4"]
[White "Johansen, Aleksander"]
[Black "Fuglesang, Michael W"]
[Result "1/2-1/2"]
[WhiteElo "1530"]
[BlackElo "1685"]
[PlyCount "60"]
[EventDate "2016.02.02"]
[EventType "swiss"]
[EventRounds "9"]
[EventCountry "NOR"]
[SourceTitle "EXT 2024"]
[Source "ChessBase"]
[SourceDate "2023.10.10"]
[SourceVersion "1"]
[SourceVersionDate "2023.10.10"]
[SourceQuality "1"]

1. Nf3 d5 2. g3 c5 3. Bg2 Nc6 4. d3 e5 5. Nbd2 Nf6 6. e4 d4 7. 0-0 Qc7 8. Re1 Be7 9. b3 h6 10. Nf1 g5 11. Re2 Be6 12. c3 Qd7 13. cxd4 cxd4 14. Rc2 Bd6 15. Bb2 Ne7 16. Nxd4 Ng6 17. Nxe6 fxe6 18. Ne3 Rd8 19. Qe2 0-0 20. Bh3 Bb8 21. Rd1 Qe7 22. d4 exd4 23. Nc4 b5 24. Ba3 b4 25. Bb2 e5 26. a3 Qb7 27. Bf5 Ne7 28. axb4 Qb5 29. Rd3 Nc6 30. Na3 Qb6 1/2-1/2

[Event "Stjernen CC-ch B"]
[Site "Oslo"]
[Date "2016.??.??"]
[Round "2"]
[White "Oppeboen, Andreas"]
[Black "Fuglesang, Michael W"]
[Result "0-1"]
[WhiteElo "1647"]
[BlackElo "1685"]
[PlyCount "30"]
[EventDate "2016.02.02"]
[EventType "swiss"]
[EventRounds "9"]
[EventCountry "NOR"]
[SourceTitle "EXT 2024"]
[Source "ChessBase"]
[SourceDate "2023.10.10"]
[SourceVersion "1"]
[SourceVersionDate "2023.10.10"]
[SourceQuality "1"]

1. e4 e5 2. Nf3 Nc6 3. Bc4 Bc5 4. d3 Nf6 5. Nc3 a6 6. 0-0 d6 7. Bg5 h6 8. Bh4 Bg4 9. Nd5 g5 10. h3 gxh4 11. Nxf6+ Qxf6 12. hxg4 h5 13. g5 Qf4 14. c3 h3 15. g3 Qxg3+ 0-1